[Event "SVK-ch U14 Girls"]
[Site "Liptovsky Mikulas"]
[Date "2019.04.30"]
[Round "9"]
[White "Krahulcova, Martina"]
[Black "Sosovickova, Jana"]
[Result "0-1"]
[WhiteElo "1337"]
[BlackElo "1674"]
[PlyCount "70"]
[EventDate "2019.04.23"]
[EventType "swiss"]
[EventRounds "9"]
[EventCountry "SVK"]
[SourceTitle "CBM 190 Extra"]
[Source "ChessBase"]
[SourceDate "2019.07.15"]
[SourceVersion "1"]
[SourceVersionDate "2019.07.15"]
[SourceQuality "1"]

1. Nf3 d5 2. g3 Nf6 3. Bg2 Bf5 4. 0-0 e6 5. d3 Bd6 6. Nbd2 0-0 7. Re1 e5 8. b3 Nbd7 9. Bb2 h6 10. c4 Be6 11. cxd5 Bxd5 12. e4 Bc6 13. Nc4 Re8 14. Na5 Nb8 15. Nc4 Nfd7 16. Nh4 Nb6 17. Nxb6 axb6 18. Nf5 Bd7 19. Qf3 Bxf5 20. Qxf5 Nc6 21. a3 Bc5 22. Qf3 Bd4 23. Bxd4 Nxd4 24. Qd1 Qd6 25. b4 c5 26. bxc5 bxc5 27. f3 Ra7 28. Rf1 Rea8 29. a4 b5 30. Rf2 Rxa4 31. Rxa4 Rxa4 32. Rb2 Ra3 33. Bf1 b4 34. Kg2 Qa6 35. Qc1 Ra2 0-1

[Event "SVK-ch U14 Girls"]
[Site "Liptovsky Mikulas"]
[Date "2019.04.29"]
[Round "8"]
[White "Krahulcova, Martina"]
[Black "Mikova, Miriam"]
[Result "1-0"]
[WhiteElo "1337"]
[BlackElo "1422"]
[PlyCount "75"]
[EventDate "2019.04.23"]
[EventType "swiss"]
[EventRounds "9"]
[EventCountry "SVK"]
[SourceTitle "CBM 190 Extra"]
[Source "ChessBase"]
[SourceDate "2019.07.15"]
[SourceVersion "1"]
[SourceVersionDate "2019.07.15"]
[SourceQuality "1"]

1. Nf3 Nf6 2. g3 b6 3. Bg2 Bb7 4. 0-0 e6 5. d3 d6 6. Nbd2 Be7 7. Re1 Nbd7 8. e4 c5 9. e5 dxe5 10. Nxe5 Bxg2 11. Kxg2 Nxe5 12. Rxe5 Qc7 13. Re1 0-0 14. Ne4 Qc6 15. Kg1 Rfd8 16. Qe2 h6 17. b3 Nxe4 18. Qxe4 Qxe4 19. Rxe4 Bf6 20. Rb1 Rd7 21. Bb2 Bxb2 22. Rxb2 Rd4 23. f3 Rad8 24. Kf2 a5 25. Ke3 Kf8 26. Rxd4 cxd4+ 27. Kd2 Rc8 28. Rb1 b5 29. Re1 Rc5 30. f4 Ke7 31. Re4 Rd5 32. c3 dxc3+ 33. Kxc3 Kd6 34. d4 f6 35. a3 e5 36. dxe5+ Rxe5 37. fxe5+ fxe5 38. Kd3 1-0

[Event "SVK-ch U14 Girls"]
[Site "Liptovsky Mikulas"]
[Date "2019.04.27"]
[Round "6"]
[White "Krahulcova, Martina"]
[Black "Rachelova, Diana"]
[Result "1-0"]
[WhiteElo "1337"]
[BlackElo "1000"]
[PlyCount "31"]
[EventDate "2019.04.23"]
[EventType "swiss"]
[EventRounds "9"]
[EventCountry "SVK"]
[SourceTitle "CBM 190 Extra"]
[Source "ChessBase"]
[SourceDate "2019.07.15"]
[SourceVersion "1"]
[SourceVersionDate "2019.07.15"]
[SourceQuality "1"]

1. e4 e5 2. Nf3 Nc6 3. Bc4 Bc5 4. Nc3 Nh6 5. h3 d6 6. d3 0-0 7. Bxh6 gxh6 8. Qd2 Qf6 9. Nd5 Qg7 10. 0-0-0 Qxg2 11. Rhg1 Qxg1 12. Rxg1+ Kh8 13. Qxh6 Rg8 14. Rxg8+ Kxg8 15. Nf6+ Kh8 16. Qxh7# 1-0

[Event "SVK-ch U14 Girls"]
[Site "Liptovsky Mikulas"]
[Date "2019.04.26"]
[Round "5"]
[White "Romanova, Ela"]
[Black "Krahulcova, Martina"]
[Result "1/2-1/2"]
[WhiteElo "1341"]
[BlackElo "1337"]
[PlyCount "149"]
[EventDate "2019.04.23"]
[EventType "swiss"]
[EventRounds "9"]
[EventCountry "SVK"]
[SourceTitle "CBM 190 Extra"]
[Source "ChessBase"]
[SourceDate "2019.07.15"]
[SourceVersion "1"]
[SourceVersionDate "2019.07.15"]
[SourceQuality "1"]

1. e4 d5 2. exd5 Qxd5 3. Nc3 Qa5 4. d4 Nf6 5. Bd2 c6 6. Bd3 Bg4 7. f3 Bh5 8. Nge2 Qc7 9. Bf4 Qd8 10. 0-0 Bg6 11. Ne4 Nd5 12. c3 e6 13. Qe1 Be7 14. Bg3 Ne3 15. Rf2 f5 16. Nd2 Bh4 17. Nc4 Nxc4 18. Bxc4 Bf7 19. Bxh4 Qxh4 20. Ng3 Qf6 21. Re2 Kd7 22. Rd1 b5 23. Bb3 a5 24. a4 Na6 25. Re5 Nc7 26. axb5 cxb5 27. Nxf5 Nd5 28. Ne3 Nxe3 29. Qxe3 a4 30. Ba2 Rhb8 31. Re1 Ra6 32. Qe2 Rab6 33. Qd3 Bg6 34. Qf1 Bf7 35. Rc5 h6 36. Ree5 b4 37. Rb5 bxc3 38. bxc3 Qg6 39. Bb1 Qf6 40. Qc4 Be8 41. Rxb6 Rxb6 42. Qxa4+ Kd8 43. Qa8+ Kc7 44. Rc5+ Bc6 45. Qa7+ Rb7 46. Qa5+ Rb6 47. Be4 Kb7 48. Bxc6+ Rxc6 49. Rxc6 Kxc6 50. Kf2 Qh4+ 51. Kf1 Qxh2 52. Qc5+ Kb7 53. Qe7+ Ka8 54. Qxg7 Qh1+ 55. Kf2 Qc1 56. Qf8+ Kb7 57. Qe7+ Kb8 58. Qd6+ Kb7 59. Qb4+ Kc8 60. Qc5+ Kd7 61. Qb5+ Kd6 62. Qe5+ Kd7 63. Qe3 Qc2+ 64. Kg3 Qg6+ 65. Kh2 Qh5+ 66. Kg1 Qg6 67. c4 Qc2 68. c5 Qg6 69. Qc3 Qf6 70. c6+ Kc7 71. Kf2 Qh4+ 72. Ke2 Qh2 73. Kf2 Qh4+ 74. Ke3 Qg5+ 75. Kf2 1/2-1/2

[Event "SVK-ch U14 Girls"]
[Site "Liptovsky Mikulas"]
[Date "2019.04.23"]
[Round "1"]
[White "Sevcikova, Lucia"]
[Black "Krahulcova, Martina"]
[Result "1/2-1/2"]
[WhiteElo "1756"]
[BlackElo "1337"]
[PlyCount "134"]
[EventDate "2019.04.23"]
[EventType "swiss"]
[EventRounds "9"]
[EventCountry "SVK"]
[SourceTitle "CBM 190 Extra"]
[Source "ChessBase"]
[SourceDate "2019.07.15"]
[SourceVersion "1"]
[SourceVersionDate "2019.07.15"]
[SourceQuality "1"]

1. e4 c6 2. d4 d5 3. Nc3 dxe4 4. Nxe4 Bf5 5. Ng3 Bg6 6. Nf3 Nf6 7. Ne5 Nbd7 8. Nxg6 hxg6 9. Bd3 e6 10. c3 Bd6 11. Ne4 Nxe4 12. Bxe4 Qf6 13. Qf3 Qxf3 14. Bxf3 0-0-0 15. h3 Nf6 16. Bg5 Rd7 17. 0-0 Nd5 18. Bxd5 cxd5 19. Rac1 Rc7 20. b3 Ba3 21. Rc2 Kd7 22. Bf4 Rc6 23. Bc1 Bxc1 24. Rfxc1 Rhc8 25. c4 b5 26. c5 b4 27. Re1 Rh8 28. Re3 Rhc8 29. Rf3 Ke7 30. h4 a5 31. Re2 Rh8 32. Rh3 Ra8 33. h5 Rh8 34. hxg6 Rxh3 35. gxh3 fxg6 36. Kg2 Kf6 37. Kg3 Ra6 38. Kg4 Ra7 39. Re3 g5 40. Kh5 a4 41. Rf3+ Ke7 42. Kxg5 axb3 43. axb3 Kd8 44. Kg6 Ke8 45. Re3 Re7 46. Re2 Kd7 47. Ra2 e5 48. dxe5 Rxe5 49. Kxg7 Rh5 50. f4 Rxh3 51. f5 Rxb3 52. f6 Kc6 53. Rf2 Ra3 54. f7 Ra8 55. Rc2 Ra7 56. Kg8 Ra8+ 57. f8Q Rxf8+ 58. Kxf8 b3 59. Rb2 Kxc5 60. Rxb3 Kc4 61. Rh3 d4 62. Ke7 d3 63. Kd6 Kc3 64. Kc5 Kc2 65. Kc4 d2 66. Rc3+ Kb1 67. Rd3 Kc2 1/2-1/2

[Event "SVK-ch U12 Girls"]
[Site "Liptovsky Mikulas"]
[Date "2016.04.17"]
[Round "2"]
[White "Carnecka, Stella"]
[Black "Krahulcova, Martina"]
[Result "1-0"]
[WhiteElo "1234"]
[BlackElo "1000"]
[PlyCount "101"]
[EventDate "2016.04.16"]
[EventType "swiss"]
[EventRounds "9"]
[EventCountry "SVK"]
[SourceTitle "CBM 172 Extra"]
[Source "ChessBase"]
[SourceDate "2016.06.21"]
[SourceVersion "1"]
[SourceVersionDate "2016.06.21"]
[SourceQuality "1"]

1. e4 e5 2. Nf3 Nc6 3. Nc3 Nf6 4. Bc4 Nxe4 5. Nxe4 d5 6. Bxd5 Qxd5 7. Nc3 Qd8 8. 0-0 Bg4 9. h3 Bxf3 10. Qxf3 Bd6 11. Re1 0-0 12. Qe4 f5 13. Qc4+ Rf7 14. d3 Nd4 15. Nb5 Nxb5 16. Qxb5 b6 17. Bd2 Qd7 18. Qd5 Rb8 19. Bg5 h6 20. Bh4 Re8 21. d4 exd4 22. Qxd4 Rxe1+ 23. Rxe1 Bc5 24. Qxd7 Rxd7 25. Re8+ Kh7 26. Ra8 b5 27. Rd8 Rxd8 28. Bxd8 c6 29. Kf1 Kg6 30. Ke2 Bb6 31. Bh4 a5 32. f4 c5 33. Bf2 Kf6 34. c3 g5 35. fxg5+ Kxg5 36. b4 axb4 37. cxb4 Bc7 38. Bxc5 Kf4 39. Be3+ Ke5 40. Bxh6 Bd6 41. a3 Kd4 42. Bg7+ Kc4 43. h4 Kb3 44. h5 Kxa3 45. h6 Kxb4 46. h7 Ka3 47. h8Q b4 48. Bb2+ Ka2 49. Qd4 Kb3 50. Qxd6 Kxb2 51. Qxb4+ 1-0